Strangers - Ethel Cain (Lyrics) - Statistics

General Stats
  • This quiz has been taken 27 times
  • The average score is 325 of 408
Answer Stats
Answer % Correct
a
95%
be
95%
i
95%
(i
95%
in
95%
to
95%
you
95%
you)
95%
your
95%
and
91%
basement
91%
can
91%
cold
91%
grow
91%
love"
91%
love
91%
me
91%
my
91%
strange
91%
strangers
91%
tell
91%
then
91%
think
91%
thinking
91%
when
91%
all
86%
am
86%
"don't
86%
don't
86%
fall
86%
feel
86%
for
86%
good
86%
good?
86%
i'm
86%
just
86%
might
86%
no
86%
or
86%
see
86%
sick
86%
sick?
86%
talk
86%
that
86%
the
86%
was
86%
we
86%
yours
86%
yours?
86%
always
82%
back
82%
considered
82%
evidence
82%
funny
82%
handsome
82%
how
82%
like
82%
making
82%
memory
82%
mother
82%
myself
82%
never
82%
of
82%
over
82%
so
82%
told
82%
tried
82%
you're
82%
divine
77%
he
77%
here
77%
night
77%
now
77%
polaroid
77%
stomach
77%
sweet
77%
tough
77%
walking
77%
what
77%
at
73%
carton
73%
cry
73%
freezer
73%
it
73%
milk
73%
mouth
73%
on
73%
sees
73%
side
73%
turning
73%
up
73%
wait
73%
with
73%
about
68%
devour
68%
far
68%
made
68%
restricted
68%
she'll
68%
there
68%
wanted
68%
who
68%
bovine
64%
bride
64%
cause
64%
did
64%
eyes
64%
hide
64%
if
64%
loving
64%
make
64%
real
64%
way
64%
again
59%
aisle
59%
blamed
59%
get
59%
i'll
59%
know
59%
mama
59%
oh
59%
(oh
59%
oh)
59%
should
59%
sleep
59%
smoked
59%
too
59%
we'll
59%
attic
55%
dairy
55%
green
55%
happier
55%
worry
55%
hard
50%
some
50%
wink
50%
you'll
50%
apart
45%
delight
45%
these
45%
found
41%
god
41%
still
41%
winn-dixie's
41%
would
41%
euphoric
36%
is
36%
jesus
36%
torn
36%
christ
32%
us
32%
while
32%
have
27%
lord
27%
those
27%
were
27%
believe
23%
place
23%
but
18%
death
18%
great
18%
also
14%
better
14%
find
14%
promise
14%
scriptures
14%
telling
14%
No matching quizzes found
Score Distribution
Percent of People with Each Score
Percentile by Number Answered
Your Score History
You have not taken this quiz